[Event "Reykjavik op"]
[Site "Reykjavik"]
[Date "2017.04.19"]
[Round "1"]
[White "Nebolsina, Vera"]
[Black "Leosson, Atli Johann"]
[Result "1-0"]
[WhiteElo "2285"]
[BlackElo "1773"]
[PlyCount "77"]
[EventDate "2017.04.19"]
[EventType "swiss"]
[EventRounds "10"]
[EventCountry "ISL"]
[SourceTitle "CBM 178 Extra"]
[Source "ChessBase"]
[SourceDate "2017.06.22"]
[SourceVersion "1"]
[SourceVersionDate "2017.06.22"]
[SourceQuality "1"]

1. e4 e5 2. Nf3 Nc6 3. Bc4 Bc5 4. c3 Nf6 5. d3 d6 6. h3 h6 7. a4 a5 8. Qb3 Qe7 9. Na3 Bxa3 10. Rxa3 b6 11. Nh4 0-0 12. Ng6 Qd8 13. Nxf8 Qxf8 14. 0-0 Qe7 15. f4 exf4 16. Bxf4 Ne5 17. Bxe5 Qxe5 18. Bxf7+ Kh8 19. Qc2 Bd7 20. Raa1 Nh7 21. Bd5 c6 22. Bb3 Ng5 23. h4 Nh7 24. d4 Qh5 25. Qf2 Nf6 26. Rae1 d5 27. e5 Ng4 28. Qg3 Be6 29. Bc2 Qe8 30. Rf4 h5 31. Ref1 c5 32. Qd3 g6 33. Rf8+ Qxf8 34. Rxf8+ Rxf8 35. Qxg6 Rf7 36. Qxe6 Kg7 37. Qg6+ Kf8 38. Qxh5 Ne3 39. Qh6+ 1-0

[Event "ISL-ch op"]
[Site "Reykjavik"]
[Date "2013.06.08"]
[Round "10"]
[White "Leosson, Atli Johann"]
[Black "Ragnarsson, Heimir Pall"]
[Result "1-0"]
[WhiteElo "1746"]
[BlackElo "1388"]
[PlyCount "60"]
[EventDate "2013.05.31"]
[EventType "swiss"]
[EventRounds "10"]
[EventCountry "ISL"]
[SourceTitle "CBM 154 Extra"]
[Source "ChessBase"]
[SourceDate "2013.06.25"]
[SourceVersion "2"]
[SourceVersionDate "2013.06.25"]
[SourceQuality "1"]

1. e4 e5 2. Nf3 Nc6 3. Bc4 Bc5 4. c3 Nf6 5. b4 Bb6 6. d3 d5 7. exd5 Nxd5 8. 0-0 Be6 9. b5 Na5 10. Nxe5 Nxc4 11. Nxc4 0-0 12. Qf3 Bc5 13. Bb2 Qg5 14. Nbd2 Nf6 15. Qg3 Qxg3 16. hxg3 Bd7 17. a4 a6 18. d4 Be7 19. Ne5 Bf5 20. Rfe1 Nd5 21. c4 Bb4 22. Nef3 Nc3 23. Re5 Bg6 24. Re3 axb5 25. Bxc3 Bxc3 26. Rxc3 bxa4 27. Rca3 Bc2 28. Ne1 Bb3 29. Nxb3 axb3 30. Rxa8 b2 1-0

[Event "Reykjavik op"]
[Site "Reykjavik"]
[Date "2013.02.20"]
[Round "3"]
[White "Leosson, Atli Johann"]
[Black "Hrafnsson, Hilmir"]
[Result "1-0"]
[WhiteElo "1736"]
[BlackElo "1331"]
[PlyCount "71"]
[EventDate "2013.02.19"]
[EventType "swiss"]
[EventRounds "10"]
[EventCountry "ISL"]
[SourceTitle "CBM 153 Extra"]
[Source "ChessBase"]
[SourceDate "2013.04.22"]
[SourceVersion "1"]
[SourceVersionDate "2013.04.22"]
[SourceQuality "1"]

1. e4 e6 2. d4 d5 3. e5 c5 4. c3 Nc6 5. Nf3 Qb6 6. Be2 Nge7 7. dxc5 Qxc5 8. Be3 Qa5 9. 0-0 Qc7 10. Bb5 a6 11. Bxc6+ Nxc6 12. Bf4 Bc5 13. Nbd2 0-0 14. Nb3 Ba7 15. Qd3 f6 16. Rae1 fxe5 17. Bxe5 Nxe5 18. Nxe5 Bd7 19. Nxd7 Qxd7 20. Qh3 Rf6 21. Nd4 Bb8 22. Rxe6 Rxe6 23. Qxe6+ Qxe6 24. Nxe6 Ba7 25. Nf4 Re8 26. Rd1 d4 27. cxd4 Bxd4 28. b3 Re4 29. g3 Be5 30. Rd8+ Kf7 31. Rd7+ Kf6 32. Rxb7 Bxf4 33. gxf4 h6 34. Rb6+ Kf5 35. Rxa6 Kxf4 36. Ra4 1-0

[Event "Copenhagen Challenge"]
[Site "Ballerup"]
[Date "2012.05.05"]
[Round "7"]
[White "Leosson, Atli Johann"]
[Black "Einarsson, Oskar Long"]
[Result "1-0"]
[WhiteElo "1715"]
[BlackElo "1587"]
[PlyCount "41"]
[EventDate "2012.05.02"]
[EventType "swiss"]
[EventRounds "9"]
[EventCountry "DEN"]
[SourceTitle "CBM 148 Extra"]
[Source "ChessBase"]
[SourceDate "2012.06.22"]
[SourceVersion "1"]
[SourceVersionDate "2012.06.22"]
[SourceQuality "1"]

1. e4 c5 2. Nf3 a6 3. d4 cxd4 4. Nxd4 d6 5. Bd3 Nf6 6. 0-0 e6 7. Be3 Be7 8. c4 0-0 9. f4 Nc6 10. Nxc6 bxc6 11. Nc3 Qc7 12. g4 h6 13. h4 Nd7 14. g5 hxg5 15. hxg5 g6 16. Rf2 Kg7 17. Rh2 Bb7 18. f5 exf5 19. exf5 gxf5 20. Rh7+ Kxh7 21. Qh5+ 1-0

[Event "Copenhagen Challenge"]
[Site "Ballerup"]
[Date "2012.05.05"]
[Round "4"]
[White "Leosson, Atli Johann"]
[Black "Wilbrandt, Simon Pil"]
[Result "0-1"]
[WhiteElo "1715"]
[BlackElo "1949"]
[PlyCount "122"]
[EventDate "2012.05.02"]
[EventType "swiss"]
[EventRounds "9"]
[EventCountry "DEN"]
[SourceTitle "CBM 148 Extra"]
[Source "ChessBase"]
[SourceDate "2012.06.22"]
[SourceVersion "1"]
[SourceVersionDate "2012.06.22"]
[SourceQuality "1"]

1. e4 c5 2. Nf3 Nc6 3. d4 cxd4 4. Nxd4 e5 5. Nb3 Nf6 6. Nc3 Bb4 7. Bd3 d5 8. exd5 Nxd5 9. Bd2 Nxc3 10. bxc3 Be7 11. 0-0 0-0 12. Re1 Qc7 13. Re3 g6 14. Rg3 Bh4 15. Re3 Ne7 16. Qe2 Bf6 17. Re1 Be6 18. Qf3 Bg7 19. Be4 Rad8 20. Bc1 Rd7 21. Bd3 Qc6 22. Qxc6 Nxc6 23. Nc5 Re7 24. Nxe6 Rxe6 25. Bc4 Rf6 26. Ba3 Rc8 27. Bd5 Bf8 28. Bxf8 Kxf8 29. Bb3 Rd6 30. Rd3 Rdd8 31. Red1 Ke7 32. f3 f6 33. Kf2 Nb8 34. Rxd8 Rxd8 35. Rxd8 Kxd8 36. Bg8 Ke7 37. h4 h6 38. Ke3 Nc6 39. g4 Kd6 40. Ke4 Ne7 41. Bc4 f5+ 42. Ke3 Kc5 43. Bf7 b6 44. Kd3 a5 45. Be6 Kd6 46. Bf7 Nd5 47. g5 hxg5 48. hxg5 Kc5 49. Kd2 Nf4 50. Ke3 Kd6 51. Kf2 Ke7 52. Bc4 Nh3+ 53. Kg3 Nxg5 54. Bd5 Ne6 55. Kh4 Kf6 56. Kg3 Nf4 57. Bc4 Ne6 58. Bb5 Nc5 59. Kf2 e4 60. Ke3 exf3 61. Kxf3 Ke5 0-1

[Event "Reykjavik-ch"]
[Site "Reykjavik"]
[Date "2012.01.15"]
[Round "4"]
[White "Eliasson, Kristjan Orn"]
[Black "Leosson, Atli Johann"]
[Result "1-0"]
[WhiteElo "1858"]
[BlackElo "1690"]
[PlyCount "83"]
[EventDate "2012.01.08"]
[EventType "swiss"]
[EventRounds "9"]
[EventCountry "ISL"]
[SourceTitle "EXT 2014"]
[Source "ChessBase"]
[SourceDate "2013.11.20"]
[SourceVersion "1"]
[SourceVersionDate "2013.11.20"]
[SourceQuality "1"]

1. e4 e5 2. Nf3 d6 3. Nc3 Nf6 4. h3 Be7 5. d3 Nc6 6. Be3 h6 7. Be2 Be6 8. Qd2 d5 9. exd5 Nxd5 10. Nxd5 Bxd5 11. 0-0 g5 12. Nh2 Qd7 13. a3 0-0-0 14. Bh5 f5 15. f3 f4 16. Bf2 Be6 17. Rfe1 Bd6 18. b4 Bf7 19. Bg4 Be6 20. b5 Bxg4 21. bxc6 Qxc6 22. fxg4 h5 23. Qe2 hxg4 24. Qxg4+ Kb8 25. c4 Bc5 26. Qf3 Bxf2+ 27. Kxf2 Qc5+ 28. Kf1 Qd4 29. Red1 Rhe8 30. Rab1 e4 31. dxe4 Qxc4+ 32. Kg1 Rxd1+ 33. Rxd1 a6 34. Re1 Rd8 35. e5 Rd3 36. Qf2 Qe6 37. Qc5 b6 38. Qf8+ Kb7 39. Qf6 Qc6 40. Qxc6+ Kxc6 41. e6 Kd6 42. e7 1-0

[Event "Copenhagen Challenge"]
[Site "Ballerup"]
[Date "2011.05.21"]
[Round "6"]
[White "Molvig, Julius"]
[Black "Leosson, Atli Johann"]
[Result "1/2-1/2"]
[WhiteElo "1830"]
[BlackElo "1673"]
[PlyCount "115"]
[EventDate "2011.05.18"]
[EventType "swiss"]
[EventRounds "9"]
[EventCountry "DEN"]
[SourceTitle "EXT 2018"]
[Source "ChessBase"]
[SourceDate "2017.10.13"]
[SourceVersion "1"]
[SourceVersionDate "2017.10.13"]
[SourceQuality "1"]

1. d4 d5 2. c4 c6 3. Nf3 e6 4. Nc3 dxc4 5. e4 b5 6. Be2 Bb4 7. Bd2 Bxc3 8. Bxc3 Nf6 9. Qc2 a5 10. 0-0 h6 11. a3 0-0 12. Rad1 Qe7 13. d5 exd5 14. Bxf6 Qxf6 15. exd5 cxd5 16. Rxd5 b4 17. axb4 axb4 18. Bxc4 Be6 19. Rc5 Nd7 20. Rc7 Rac8 21. Bxe6 Rxc7 22. Bxf7+ Rxf7 23. Qxc7 Qxb2 24. Qc4 b3 25. Nd4 Ne5 26. Qd5 Nd3 27. Nf5 Qe5 28. Qxd3 Qxf5 29. Qxb3 Kh7 30. Qb1 Qxb1 31. Rxb1 Rc7 32. g3 Rc2 33. Rb6 Ra2 34. h3 Ra1+ 35. Kg2 Ra2 36. Kf3 Ra3+ 37. Kg4 Ra4+ 38. Kf3 Ra3+ 39. Kg2 Ra2 40. h4 Rc2 41. g4 Rc4 42. Kg3 Rc3+ 43. f3 Ra3 44. Re6 Ra1 45. Kf4 Ra5 46. h5 Kg8 47. Re5 Ra4+ 48. Kf5 Ra6 49. g5 hxg5 50. Kxg5 Kh7 51. f4 Rb6 52. f5 Rb1 53. Re4 Rg1+ 54. Rg4 Rb1 55. h6 gxh6+ 56. Kf6 Rb6+ 57. Ke7 Rb7+ 58. Kf6 1/2-1/2

[Event "Copenhagen Challenge"]
[Site "Ballerup"]
[Date "2011.05.19"]
[Round "2"]
[White "Hansen, Lars"]
[Black "Leosson, Atli Johann"]
[Result "1-0"]
[WhiteElo "2246"]
[BlackElo "1673"]
[PlyCount "75"]
[EventDate "2011.05.18"]
[EventType "swiss"]
[EventRounds "9"]
[EventCountry "DEN"]
[SourceTitle "EXT 2018"]
[Source "ChessBase"]
[SourceDate "2017.10.13"]
[SourceVersion "1"]
[SourceVersionDate "2017.10.13"]
[SourceQuality "1"]

1. e4 e5 2. Nc3 Nc6 3. Bc4 Nf6 4. d3 Be7 5. f4 d6 6. Nf3 Bg4 7. h3 Bxf3 8. Qxf3 Nd4 9. Qd1 a6 10. a3 Qd7 11. 0-0 exf4 12. Bxf4 Ne6 13. Qd2 c6 14. Ba2 0-0 15. Rae1 Qd8 16. Be3 d5 17. exd5 cxd5 18. d4 Qb6 19. Nxd5 Nxd5 20. Bxd5 Qxb2 21. Rb1 Qxa3 22. Rxb7 Qd6 23. c4 Rab8 24. Rxb8 Rxb8 25. Qa2 Qg3 26. Bf2 Qa3 27. Ra1 Qxa2 28. Rxa2 Rb1+ 29. Kh2 Bd6+ 30. g3 Nc7 31. Be4 Rb4 32. Rc2 Ne6 33. Bg2 Be7 34. Re2 Bf8 35. d5 Nc5 36. Bxc5 Bxc5 37. Re8+ Bf8 38. d6 1-0

[Event "Reykjavik op"]
[Site "Reykjavik"]
[Date "2011.03.15"]
[Round "8"]
[White "Leosson, Atli Johann"]
[Black "Klein, Gernot"]
[Result "0-1"]
[WhiteElo "1685"]
[BlackElo "1924"]
[PlyCount "114"]
[EventDate "2011.03.09"]
[EventType "swiss"]
[EventRounds "9"]
[EventCountry "ISL"]
[SourceTitle "CBM 141 Extra"]
[Source "ChessBase"]
[SourceDate "2011.05.03"]
[SourceVersion "1"]
[SourceVersionDate "2011.05.03"]
[SourceQuality "1"]

1. e4 c5 2. Nf3 e6 3. d4 cxd4 4. Nxd4 a6 5. g3 b5 6. Bg2 Bb7 7. c3 Nf6 8. Bg5 Be7 9. Bxf6 Bxf6 10. a3 Nc6 11. Nxc6 Bxc6 12. Nd2 0-0 13. 0-0 Re8 14. Nb3 Qb6 15. Qc2 Rac8 16. Rad1 a5 17. Qd2 b4 18. Nd4 bxc3 19. bxc3 Ba4 20. Ra1 Rc4 21. Qd3 Rec8 22. Ne2 Qc5 23. Rfc1 Bxc3 24. Nxc3 Rxc3 25. Rxc3 Qxc3 26. Qxc3 Rxc3 27. Rb1 Kf8 28. Ra1 Ke7 29. Kf1 Bb5+ 30. Ke1 Rb3 31. Ra2 Bc4 32. Rc2 d5 33. exd5 exd5 34. Bxd5 Bxd5 35. Rc5 Rb1+ 36. Kd2 Kd6 37. Rxa5 Kc6 38. Ra8 Kc5 39. Rh8 h6 40. Rh7 Rb2+ 41. Ke3 Rb3+ 42. Kd2 g6 43. Rxh6 Rxa3 44. Rh4 Kd6 45. Rf4 Rf3 46. Rxf3 Bxf3 47. Ke3 Bc6 48. Kf4 Ke6 49. Kg5 Bf3 50. Kf4 Be2 51. Kg5 Bd3 52. h4 f6+ 53. Kh6 Kf7 54. f4 Be2 55. Kh7 Bh5 56. Kh6 f5 57. Kg5 Ke6 0-1

[Event "Reykjavik op"]
[Site "Reykjavik"]
[Date "2011.03.14"]
[Round "7"]
[White "Frijling, Jeroen"]
[Black "Leosson, Atli Johann"]
[Result "0-1"]
[WhiteElo "1874"]
[BlackElo "1685"]
[PlyCount "54"]
[EventDate "2011.03.09"]
[EventType "swiss"]
[EventRounds "9"]
[EventCountry "ISL"]
[SourceTitle "CBM 141 Extra"]
[Source "ChessBase"]
[SourceDate "2011.05.03"]
[SourceVersion "1"]
[SourceVersionDate "2011.05.03"]
[SourceQuality "1"]

1. d4 d5 2. c4 c6 3. Nf3 Nf6 4. Nc3 g6 5. Bf4 Bg7 6. e3 0-0 7. Bd3 Nbd7 8. h3 dxc4 9. Bxc4 Nb6 10. Bd3 Nbd5 11. Bh2 Qa5 12. Rc1 Nxc3 13. Qd2 Qxa2 14. Rxc3 Qa5 15. e4 Be6 16. 0-0 Qd8 17. Be5 Qd7 18. d5 cxd5 19. Rc7 Qd8 20. exd5 Bxd5 21. Rd1 Bxf3 22. gxf3 Qd5 23. Rxe7 Qxf3 24. Bf1 Ne4 25. Qd4 Bxe5 26. Rxe5 Nxf2 27. Re3 Qxd1 0-1

[Event "Reykjavik op"]
[Site "Reykjavik"]
[Date "2011.03.11"]
[Round "3.70"]
[White "Leosson, Atli Johann"]
[Black "Maack, Kjartan"]
[Result "0-1"]
[WhiteElo "1685"]
[BlackElo "2157"]
[PlyCount "78"]
[EventDate "2011.03.09"]
[EventType "swiss"]
[EventRounds "9"]
[EventCountry "ISL"]
[SourceTitle "CBM 141 Extra"]
[Source "ChessBase"]
[SourceDate "2011.05.03"]
[SourceVersion "1"]
[SourceVersionDate "2011.05.03"]
[SourceQuality "1"]

1. e4 e5 2. Nf3 Nc6 3. Bc4 Bc5 4. Nc3 Nf6 5. d3 d6 6. Bg5 h6 7. Bh4 g5 8. Bg3 Bg4 9. h4 Bxf3 10. gxf3 Rg8 11. hxg5 hxg5 12. Nd5 Nxd5 13. Bxd5 Qf6 14. c3 Nd8 15. Qe2 c6 16. Bb3 Ne6 17. 0-0-0 0-0-0 18. Rh7 Rh8 19. Rdh1 Rxh7 20. Rxh7 Qg6 21. Bxe6+ Qxe6 22. b4 Bb6 23. Rh1 a5 24. a3 axb4 25. axb4 Kc7 26. Kb2 Ra8 27. Ra1 Rxa1 28. Kxa1 Qb3 29. Qd2 f6 30. d4 c5 31. Qb2 Qd1+ 32. Ka2 cxd4 33. Qb3 Qd2+ 34. Ka3 Qxc3 35. Qxc3+ dxc3 36. Kb3 Bd4 37. f4 exf4 38. Bh2 Bxf2 39. Kxc3 g4 0-1